000 00744nam a2200253Ia 4500
005 20250425162831.0
008 250425s9999 xx 000 0 und d
020 _a9781456261429
041 _aspa
044 _amx
082 _a657.8
_pRAMc
100 _aRamírez Padilla, David Noel
245 0 _aContabilidad Administrativa
_bun enfoque estratégico para la competitividad
_cDavid Noel, Ramírez Padilla.
250 _a10A ED.
264 _aMéxico, S.L.
_bMACGRAW HILL EDUCATION
_c2019.
300 _a576 páginas
_bIlustrado
_c30 x 20 cm
500 _aContiene tablas.
650 _aCompetitividad
650 _aContabilidad
650 _aEnfoque estratégico
902 _aLibro
_cImpreso
942 _c01
010 _a110964
999 _c237371
_d237371